• 首页
  • 本馆介绍
  • 公告通知
  • 最新文献
  • 馆藏检索
  • 电子资源
  • 读者导购
  • 参考咨询
  • 我的图书馆
  • 登录
  • 详细信息显示
  • 放入我的书架
  • 预约/预借图书
  • 作者相关作品
  • 分类相关作品
  • 丛书相关作品
  • 出版社相关作品

书目信息

  • 表格格式
  • 工作单格式
  • 卡片格式
题名:
系统电磁兼容
    
 
作者: 赵辉, 著
分册:  
出版信息: 北京   国防工业出版社  2019.04
页数: 270页, [2] 页图版
开本: 24cm
丛书名:
单 册:
中图分类: TN03
科图分类:
主题词: 电磁兼容性--dian ci jian rong xing
电子资源:
ISBN: 978-7-118-11824-7
000 01064nam0 2200241 450
001 2347277150
005 20231127130812.95
010    @a978-7-118-11824-7@dCNY59.00
100    @a20190620d2019 em y0chiy50 ea
101 0  @achi
102    @aCN@b110000
105    @aafk a 000yy
200 1  @a系统电磁兼容@Axi tong dian ci jian rong@f赵辉著
210    @a北京@c国防工业出版社@d2019.04
215    @a270页, [2] 页图版@c图@d24cm
314    @a赵辉, 男, 1999年本科毕业于南京河海大学, 2006年博士毕业于中国科学院国家空间科学中心。
320    @a有书目 (第267-270页)
330    @a本书是国内外第一本关于系统电磁兼容与电磁防护的著作。作者基于自己多年的跨行业工作经历, 打破了飞机、舰船、航天器、车辆等这些不同国防工业部门的烟囱式条块划分的科研现状, 融合了国内外最新的电磁兼容与电磁防护技术发展, 建立了系统电磁兼容性的知识体系, 叙述怎样采用系统工程的思路, 去实际解决一个武器系统电磁兼容总体设计问题。
606 0  @a电磁兼容性@Adian ci jian rong xing
690    @aTN03@v5
701  0 @a赵辉,@Azhao hui@f1975-@4著
801  0 @aCN@b人天书店@c20190620
905    @aBZT@dTN03@e3
    
    系统电磁兼容/赵辉著.-北京:国防工业出版社,2019.04
    270页, [2] 页图版:图;24cm
    
    
    ISBN 978-7-118-11824-7:CNY59.00
    本书是国内外第一本关于系统电磁兼容与电磁防护的著作。作者基于自己多年的跨行业工作经历, 打破了飞机、舰船、航天器、车辆等这些不同国防工业部门的烟囱式条块划分的科研现状, 融合了国内外最新的电磁兼容与电磁防护技术发展, 建立了系统电磁兼容性的知识体系, 叙述怎样采用系统工程的思路, 去实际解决一个武器系统电磁兼容总体设计问题。
●
相关链接 在五车中查询图书 在当当中查询图书 在豆瓣中查询图书


正题名:系统电磁兼容     索取号:TN03/3         预约/预借

序号 登录号 条形码 馆藏地/架位号 状态 备注
1 2001129986   2001129986   东辅楼二楼书库/ [索取号:TN03/3] 在馆    
2 2001129987   2001129987   东辅楼二楼书库/ [索取号:TN03/3] 在馆    
3 2001129988   2001129988   东辅楼二楼书库/ [索取号:TN03/3] 在馆    
4 2001129989   2001129989   东辅楼二楼书库/ [索取号:TN03/3] 在馆    
5 2001129990   2001129990   东辅楼二楼书库/ [索取号:TN03/3] 在馆    
6 2001129991   2001129991   东辅楼二楼书库/ [索取号:TN03/3] 在馆    
7 2001129992   2001129992   东辅楼二楼书库/ [索取号:TN03/3] 在馆    
8 2001129993   2001129993   东辅楼二楼书库/ [索取号:TN03/3] 在馆    
9 2001129994   2001129994   东辅楼二楼书库/ [索取号:TN03/3] 在馆    
10 2001129995   2001129995   东辅楼二楼书库/ [索取号:TN03/3] 在馆    
11 2001129996   2001129996   东辅楼二楼书库/ [索取号:TN03/3] 在馆    
12 2001129997   2001129997   东辅楼二楼书库/ [索取号:TN03/3] 在馆    
13 2001129998   2001129998   东辅楼二楼书库/ [索取号:TN03/3] 在馆    
14 2001129999   2001129999   东辅楼二楼书库/ [索取号:TN03/3] 在馆    
15 2001130000   2001130000   东辅楼二楼书库/ [索取号:TN03/3] 在馆    
16 2001130001   2001130001   东辅楼二楼书库/ [索取号:TN03/3] 在馆    
17 2001130002   2001130002   东辅楼二楼书库/ [索取号:TN03/3] 在馆    
18 2001130003   2001130003   东辅楼二楼书库/ [索取号:TN03/3] 在馆    
19 2001130004   2001130004   东辅楼二楼书库/ [索取号:TN03/3] 在馆    
20 2001130005   2001130005   东辅楼二楼书库/ [索取号:TN03/3] 在馆    
21 2001130006   2001130006   东辅楼二楼书库/ [索取号:TN03/3] 在馆    
22 2001130007   2001130007   东辅楼二楼书库/ [索取号:TN03/3] 在馆    
23 2001130008   2001130008   东辅楼二楼书库/ [索取号:TN03/3] 在馆    
24 2001130009   2001130009   东辅楼二楼书库/ [索取号:TN03/3] 在馆    
25 2001130010   2001130010   东辅楼二楼书库/ [索取号:TN03/3] 在馆    
26 2001130011   2001130011   东辅楼二楼书库/ [索取号:TN03/3] 在馆    
27 2001130012   2001130012   东辅楼二楼书库/ [索取号:TN03/3] 在馆    
28 2001130013   2001130013   东辅楼二楼书库/ [索取号:TN03/3] 在馆    
29 2001130014   2001130014   东辅楼二楼书库/ [索取号:TN03/3] 在馆    
30 2001130015   2001130015   东辅楼二楼书库/ [索取号:TN03/3] 在馆    
山东省滨州职业学院图书馆 欢迎您!
大连网信软件有限公司© 版权所有